000 00442nam a22001817a 4500
003 koha_MIRAKIL
005 20231213095404.0
008 231213b |||||||| |||| 00| 0 ||| d
020 _b978-9-75632325-0
040 _aTR-IsEVY
_btur
_cTR-IsEVY
082 _a843.8 FAL/Ü
100 _aFLAUBERT, GUSTAVE.
245 0 _aÜÇ HİKAYE.
260 _bBORDO SİYAH,
_c2007
300 _a166.
650 _aTürk Edebiyatı.
942 _2ddc
_cBK
999 _c2799
_d2799